[Event "III  Wielkopolska  Liga  Seniorow   2013/2014"]
[Site "Wielkopolska "]
[Date "1899-12-30"]
[Round "5.19"]
[White "Adamczewski, Maciej"]
[Black "Musialkiewicz, Jan"]
[Result "1/2-1/2"]
[WhiteTitle "I"]
[BlackTitle "k+"]
[WhiteElo "1858"]
[BlackElo "2298"]

1. d4 c5 2. d5 f5 3. c4 Nf6 4. Nf3 g6 5. Nc3 d6 6. g3 Bg7 7. Bg2 O-O 8. O-O Na6
9. Re1 Nc7 10. Qc2 Rb8 11. a4 a6 12. a5 e6 13. Bg5 exd5 14. cxd5 b5 15. axb6 Rxb6
16. Nd2 h6 17. Bxf6 Qxf6 18. Nc4 Rb4 19. Ra4 Nb5 20. Rxb4 cxb4 21. Nd1 Bd7 22.
Qa4 Na3 23. Qb3 Nxc4 24. Qxc4 a5 25. Qc7 Ba4 26. Qxa5 Bxd1 27. Rxd1 Qxb2 28. e3
Qc2 29. Bf3 b3 30. Qe1 b2 31. Be2 Rc8 32. Bd3 Qxd1 33. Qxd1 Rc1 34. Qf1 Bc3 35.
Kg2 Rxf1 36. Kxf1 Kg7 37. Ke2 Kf6 38. f4 Bb4 39. Kf3 Bc5 40. h3 h5 41. Bb1 Ke7
42. Bc2 Kf6 43. Bb1 Kg7 44. Bc2 Bb6 45. Bb1 h4 46. gxh4 Kh6 47. e4 fxe4+ 48. Bxe4
Bd8 49. Kg4 Bb6 50. f5 gxf5+ 51. Bxf5 Bd4 52. h5 Be5 53. h4 Bf4 54. Bb1 Be5 1/2-1/2

[Event "III  Wielkopolska  Liga  Seniorow   2013/2014"]
[Site "Wielkopolska "]
[Date "1899-12-30"]
[Round "5.20"]
[White "Banach, Wieslaw"]
[Black "Ziabek, Patryk"]
[Result "1-0"]
[WhiteTitle "k"]
[BlackTitle "I"]
[WhiteElo "2060"]
[BlackElo "1840"]

1. e4 c5 2. Nc3 a6 3. g3 b5 4. Bg2 Bb7 5. d3 e6 6. Nge2 b4 7. Na4 d5 8. O-O Nd7
9. exd5 Bxd5 10. Bxd5 exd5 11. Nf4 Ngf6 12. Re1+ Be7 13. Qe2 Kf8 14. a3 a5 15.
c3 Bd6 16. d4 c4 17. Qf3 bxa3 18. bxa3 Nb6 19. Nc5 Bxc5 20. dxc5 Na4 21. Re5 Nxc5
22. Be3 Qc7 23. Nxd5 Nxd5 24. Qxd5 Nb7 25. Rb1 Rd8 26. Rxb7 Rxd5 27. Rxc7 Rxe5
28. Rc8+ Ke7 29. Rxh8 Rb5 30. Rc8 Rb3 31. Rxc4 1-0

[Event "III  Wielkopolska  Liga  Seniorow   2013/2014"]
[Site "Wielkopolska "]
[Date "1899-12-30"]
[Round "5.21"]
[White "Adamczewski, Jedrzej"]
[Black "Nowak, Rafal"]
[Result "1-0"]
[WhiteTitle "I"]
[BlackTitle "I++"]
[WhiteElo "1859"]
[BlackElo "2039"]

1. e4 c5 2. Nf3 e6 3. c4 Nc6 4. Nc3 Qb6 5. b3 d6 6. Bb2 a6 7. g3 Nge7 8. Na4 Qc7
9. d4 cxd4 10. Nxd4 Bd7 11. Nc3 Nxd4 12. Qxd4 Nc6 13. Qd2 Ne5 14. Bg2 h5 15. f4
Nc6 16. h3 Be7 17. O-O Rd8 18. Rad1 Bc8 19. Kh1 Bf6 20. Qf2 Bxc3 21. Bxc3 e5 22.
f5 Nb8 23. Qd2 Rh6 24. Rf3 Nd7 25. Rd3 Nc5 26. Rd5 Rd7 27. Qc2 a5 28. Bd2 Rh8
29. a3 b6 30. b4 axb4 31. axb4 Na6 32. Qc3 Bb7 33. Rd3 Ke7 34. Bg5+ f6 35. Be3
Rc8 36. Rc1 Qd8 37. Qb3 Kf8 38. Rcd1 Qc7 39. Rc1 Qd8 40. Bf3 Qc7 41. Kg2 Rdd8
42. Rdc3 Ba8 43. Qa4 Qb7 44. g4 h4 45. Ra3 Nc7 46. b5 Rb8 47. Qc2 Qc8 48. Qf2
g5 49. fxg6 Kg7 50. Ra7 Kxg6 51. Bxb6 Nxb5 52. Rxa8 Rxa8 53. Bxd8 Nd4 54. Bb6
Ne6 55. Be3 Ra3 56. g5 Qa8 57. Bh5+ 1-0

[Event "III  Wielkopolska  Liga  Seniorow   2013/2014"]
[Site "Wielkopolska "]
[Date "1899-12-30"]
[Round "5.22"]
[White "Sobczak, Miroslaw"]
[Black "Janiszewski, Filip"]
[Result "0-1"]
[WhiteTitle "I++"]
[BlackTitle "I"]
[WhiteElo "2000"]
[BlackElo "1797"]

1. e4 c5 2. Nf3 d6 3. d4 cxd4 4. Nxd4 Nf6 5. Nc3 a6 6. Bg5 e6 7. f4 h6 8. Bh4 Qb6
9. Bxf6 gxf6 10. Qd2 Qxb2 11. Nb3 Qa3 12. Be2 h5 13. O-O Nc6 14. Rad1 Be7 15.
Bf3 Qb4 16. Rfe1 Qb6+ 17. Kh1 h4 18. h3 Qc7 19. Re3 Bd7 20. Nd5 exd5 21. exd5
Ne5 22. fxe5 fxe5 23. Rc3 Qd8 24. Rf1 Bg5 25. Qd1 Rc8 26. Rxc8 Qxc8 27. Bg4 Bxg4
28. Qxg4 Qxg4 29. hxg4 b6 30. Rf3 Bf4 31. Nd4 Rg8 32. Nf5 Kd7 33. Rc3 Rxg4 34.
Rc6 Rg6 35. Rxb6 Rf6 36. Ng7 Bh6 37. Nh5 Rf5 38. g4 Rf2 39. Rb4 h3 40. Rb1 Kc7
41. Ng3 Bf4 42. Nh5 Bh6 43. Ng3 Rxc2 44. a4 Rc1+ 45. Rxc1+ Bxc1 46. Ne2 Bf4 47.
a5 Bd2 48. Kh2 Bxa5 49. Kxh3 Kb6 0-1

[Event "III  Wielkopolska  Liga  Seniorow   2013/2014"]
[Site "Wielkopolska "]
[Date "1899-12-30"]
[Round "5.23"]
[White "Wegner, Jacek"]
[Black "Banach, Szymon"]
[Result "0-1"]
[WhiteTitle "I"]
[BlackTitle "I+"]
[WhiteElo "1750"]
[BlackElo "1839"]

1. e4 c5 2. Nf3 d6 3. d4 cxd4 4. Nxd4 Nf6 5. Nc3 g6 6. Bb5+ Bd7 7. O-O Bg7 8. Be3
O-O 9. Qd3 a6 10. Bxd7 Nbxd7 11. f3 Ne5 12. Qe2 Rc8 13. Rad1 Nc4 14. b3 Nxe3 15.
Qxe3 Qb6 16. Na4 Qa7 17. c4 b5 18. Nb2 Nd7 19. Rf2 Rc7 20. Qd2 Qc5 21. g3 Ne5
22. cxb5 axb5 23. Kg2 Rfc8 24. h3 Nc6 25. Nxc6 Rxc6 26. Nd3 Qa3 27. Qg5 Bd4 28.
Re2 Rc2 29. Rdd2 Qxa2 30. Nb4 Rxd2 31. Rxd2 Qa1 32. h4 Qg1+ 33. Kh3 Be3 34. Qg4
f5 35. exf5 Bxd2 36. fxg6 Qh1# 0-1

[Event "III  Wielkopolska  Liga  Seniorow   2013/2014"]
[Site "Wielkopolska "]
[Date "1899-12-30"]
[Round "5.24"]
[White "Szelag, Zuzanna"]
[Black "Sokolowska, Anna"]
[Result "0-1"]
[WhiteTitle "I"]
[BlackTitle "I"]
[WhiteElo "1516"]
[BlackElo "1465"]

1. e4 c5 2. Nf3 d6 3. d4 cxd4 4. Nxd4 Nf6 5. Nc3 a6 6. Bg5 e6 7. f4 Be7 8. Qf3
Qc7 9. O-O-O Nbd7 10. g4 b5 11. Bxf6 Nxf6 12. g5 Nd7 13. Bd3 Nc5 14. Rhe1 Bb7
15. h4 b4 16. Nce2 Rc8 17. Kb1 g6 18. Ng3 d5 19. e5 Na4 20. Nb3 Nc5 21. Rc1 a5
22. Bb5+ Kf8 23. h5 Qb6 24. Nd4 Ba6 25. Bxa6 Nxa6 26. Nge2 Bc5 27. Qd3 a4 28.
hxg6 hxg6 29. Rh1 Ke7 30. Rh6 Bxd4 31. Qxd4 Qxd4 32. Nxd4 Rhg8 33. Nb5 Nc5 34.
Nd6 Rc7 35. Rh7 Kf8 36. Rd1 Nb7 37. Nb5 Rc5 38. Nd4 Ke7 39. Nf3 Rc4 40. Rd4 Na5
41. Kc1 Nc6 42. Rxc4 dxc4 43. Nd2 Nd4 44. Kd1 Rc8 45. Ne4 Nf5 46. Kc1 b3 47. a3
bxc2 48. Kxc2 Nd4+ 49. Kc3 Nf5 50. Nd6 Nxd6 51. exd6+ Kxd6 52. Rxf7 Kd5 53. Ra7
Rb8 54. Ra5+ Ke4 55. Rxa4 Kxf4 56. Ra5 e5 57. Kxc4 Rxb2 58. Kc3 Rg2 59. Kd3 Rxg5
60. Ke2 Rg2+ 61. Ke1 Rb2 62. Kf1 Ra2 63. Ra6 g5 64. Rf6+ Ke4 65. Rg6 g4 66. Kg1
Kf3 67. Rg5 Kg3 68. Kf1 Kf4 69. Rg8 Rxa3 70. Rf8+ Kg3 0-1

[Event "III  Wielkopolska  Liga  Seniorow   2013/2014"]
[Site "Wielkopolska "]
[Date "1899-12-30"]
[Round "5.25"]
[White "Nadstoga, Wojciech"]
[Black "Kozlowski, Tomasz"]
[Result "0-1"]
[WhiteTitle "I+"]
[BlackTitle "I++"]
[WhiteElo "2020"]
[BlackElo "1932"]

1. Nf3 d5 2. g3 d4 3. b4 a6 4. Bb2 Nc6 5. a3 e5 6. d3 Nf6 7. Bg2 Bd6 8. Nbd2 Be6
9. O-O O-O 10. Rc1 Re8 11. c3 dxc3 12. Rxc3 Nd5 13. Rc2 f6 14. Ne4 Ndxb4 15. axb4
Bb3 16. Nxd6 cxd6 17. Qd2 Bxc2 18. Qxc2 Kh8 19. Qb3 Qb6 20. Bc3 Rad8 21. Nd2 Rd7
22. Bh3 Rde7 23. Nc4 Qd8 24. e4 d5 25. Nb2 dxe4 26. dxe4 Nd4 27. Bxd4 Qxd4 28.
Bg2 Rc7 29. Nd1 Qc4 30. Qa4 Qc6 31. Qa5 Rd7 32. Ne3 Rd4 33. Nd5 h6 34. Qa3 f5
35. f3 Qc2 36. Qe3 Rd3 37. Qe1 Rc8 38. Ne3 Qb2 39. Nd1 Qd4+ 40. Kh1 Rc1 41. exf5
Rdxd1 42. Qe2 Rxf1+ 43. Bxf1 Qd1 44. Qxd1 Rxd1 45. Kg2 Rb1 46. b5 a5 47. Kf2 a4
48. Bc4 a3 49. Ke3 Rxb5 50. Ke4 0-1

[Event "III  Wielkopolska  Liga  Seniorow   2013/2014"]
[Site "Wielkopolska "]
[Date "1899-12-30"]
[Round "5.26"]
[White "Joachimiak, Roman"]
[Black "Wesolowski, Edgar"]
[Result "1/2-1/2"]
[WhiteTitle "I"]
[BlackTitle "I++"]
[WhiteElo "2038"]
[BlackElo "2001"]

1. e4 c5 2. c3 d5 3. Be2 Nc6 4. exd5 Qxd5 5. Bf3 Qd6 6. Bxc6+ Qxc6 7. Qf3 Qxf3
8. Nxf3 e6 9. d4 Nf6 10. Be3 Ng4 11. Nbd2 b6 12. Ne5 cxd4 13. Bxd4 Nxe5 14. Bxe5
Bb7 15. f3 f6 16. Bg3 Rd8 17. O-O-O Bd6 18. Bxd6 Rxd6 19. Ne4 1/2-1/2

[Event "III  Wielkopolska  Liga  Seniorow   2013/2014"]
[Site "Wielkopolska "]
[Date "1899-12-30"]
[Round "5.27"]
[White "Hanusek, Krzysztof"]
[Black "Skrzypczak, Michal"]
[Result "1/2-1/2"]
[WhiteTitle "I"]
[BlackTitle "I++"]
[WhiteElo "1821"]
[BlackElo "1986"]

1. e4 d5 2. exd5 Nf6 3. d4 Nxd5 4. Nc3 e6 5. Nf3 Be7 6. Bd3 Nc6 7. O-O a6 8. Re1
b5 9. Nxd5 exd5 10. Bg5 Be6 11. h4 h6 12. Bxe7 Qxe7 13. Bf5 Nd8 14. Qd2 O-O 15.
c3 Qf6 16. Bc2 Nc6 17. h5 Bf5 18. Bxf5 Qxf5 19. Ne5 Na5 20. b4 Nc4 21. Nxc4 bxc4
22. Re5 Qd7 23. Rae1 a5 24. a3 axb4 25. axb4 Ra3 26. R1e3 Ra1+ 27. Kh2 Qg4 28.
Rg3 Qh4+ 29. Rh3 Qg4 30. f3 Qd7 31. Rg3 Kh8 32. Qe2 Rc1 33. f4 Qa4 34. Rxd5 Qa1
35. Re3 Kh7 36. Qxc4 Rh1+ 37. Kg3 Qg1 38. Rde5 Qh2+ 39. Kf3 f5 40. d5 Qxh5+ 41.
Kf2 Ra8 42. Rg3 Qf7 43. Qe2 Rg8 44. c4 Rh4 45. Qe3 Kh8 46. Re6 Qf8 47. c5 Qa8
48. Qd4 Qa2+ 49. Re2 Qb1 50. d6 cxd6 51. cxd6 Qc1 52. Rf3 Rh1 53. Kg3 h5 54. Rc3
Qf1 55. Rf2 Qe1 56. Re3 h4+ 57. Kf3 Qd1+ 58. Qxd1 Rxd1 59. Re5 g6 60. Re6 Kg7
61. Rfe2 Rd8 62. Re7+ Kf8 63. Rh7 R8xd6 64. Rxh4 Rb1 65. Rh8+ Kf7 66. Rb8 Rd4
1/2-1/2

[Event "III  Wielkopolska  Liga  Seniorow   2013/2014"]
[Site "Wielkopolska "]
[Date "1899-12-30"]
[Round "5.28"]
[White "Wojtkowski, Pawel"]
[Black "Wawrzyniak, Pawel"]
[Result "1-0"]
[WhiteTitle "I"]
[BlackTitle "II"]
[WhiteElo "1909"]
[BlackElo "1798"]

1. Nf3 Nf6 2. d4 d5 3. c4 e6 4. Nc3 c6 5. e3 Nbd7 6. Bd3 Bd6 7. O-O O-O 8. e4 dxe4
9. Nxe4 Nxe4 10. Bxe4 Nf6 11. Bc2 b6 12. Bg5 Bb7 13. Qd3 g6 14. Rad1 Be7 15. Qe2
Re8 16. Rfe1 Bf8 17. Ne5 Bg7 18. Ng4 h5 19. Nh6+ Kf8 20. Qf3 Rc8 21. Qf4 Qe7 22.
Qh4 Nh7 23. Bf4 e5 24. Bd2 exd4 25. g4 c5 26. f3 Qd6 27. Be4 Qc7 28. gxh5 Bxe4
29. fxe4 Re5 30. hxg6 fxg6 31. Rf1+ Ke8 32. Rf7 Qxf7 33. Nxf7 Kxf7 34. Qxh7 Rh8
35. Rf1+ Rf5 36. Rxf5+ gxf5 37. Qxf5+ Ke7 38. Bg5+ 1-0

[Event "III  Wielkopolska  Liga  Seniorow   2013/2014"]
[Site "Wielkopolska "]
[Date "1899-12-30"]
[Round "5.29"]
[White "Kowalewicz, Kacper"]
[Black "Kaczmarek, Piotr"]
[Result "1/2-1/2"]
[WhiteTitle "II+"]
[BlackTitle "I+"]
[WhiteElo "1722"]
[BlackElo "1878"]

1. d4 d6 2. g3 e5 3. Bg2 c6 4. c3 Qc7 5. Nd2 Nf6 6. Qc2 Be7 7. e3 Bg4 8. Bf3 Be6
9. Ne2 Bh3 10. b3 g5 11. Ng1 Be6 12. Bb2 Nbd7 13. O-O-O O-O-O 14. c4 exd4 15.
exd4 d5 16. c5 h5 17. Ne2 h4 18. Nc3 g4 19. Bg2 Rh5 20. b4 Rdh8 21. a4 Bf8 22.
Qb3 Bf5 23. b5 Bh6 24. Rde1 Bg5 25. Qd1 Nf8 26. Qb3 Ne6 27. Nd1 Ne4 28. Bxe4 Bxe4
29. Rhg1 hxg3 30. hxg3 Rh2 31. Qb4 f5 32. Bc3 Bf6 33. Nb3 Ng5 34. Nd2 Nh3 35.
Nxe4 fxe4 36. Rgf1 Ng5 37. Ne3 Nf3 38. Re2 Bg5 39. Kb1 Rh1 40. Rxh1 Rxh1+ 41.
Ka2 Bxe3 42. Rxe3 Rd1 43. Re2 Rd3 44. Rb2 Rd1 45. Qb3 Rd3 46. Qb4 Rd1 47. Qb3
Rf1 48. Qc2 Rh1 49. Qe2 Rg1 50. Bd2 Qd7 51. Be3 1/2-1/2

[Event "III  Wielkopolska  Liga  Seniorow   2013/2014"]
[Site "Wielkopolska "]
[Date "1899-12-30"]
[Round "5.30"]
[White "Kozlowska, Marzena"]
[Black "Wesolowska, Katarzyna"]
[Result "1/2-1/2"]
[WhiteTitle "k"]
[BlackTitle "I++"]
[WhiteElo "1915"]
[BlackElo "1692"]

1. b4 e6 2. Bb2 d5 3. Nf3 Nf6 4. a3 Nbd7 5. e3 c5 6. bxc5 Bxc5 7. c4 O-O 8. d4
Be7 9. Nbd2 b6 10. Bd3 Ba6 11. Qa4 Bb7 12. O-O dxc4 13. Bxc4 Nd5 14. Rac1 Bd6
15. Bb5 Nb8 16. Bd3 Ne7 17. Qc2 h6 18. Qb3 Nd7 19. Ne4 Bb8 20. Bb1 Bd5 21. Qd3
Ng6 22. Qe2 Nh4 23. Nxh4 Qxh4 24. g3 Qe7 25. f3 f5 26. Nc3 Bb7 27. Ba2 Nf6 28.
a4 a6 29. Nb1 Bd6 30. Nd2 b5 31. a5 Rac8 32. Qd3 Kh8 33. Nb3 Bd5 34. Rxc8 Rxc8
35. Nc1 Bb7 36. Ne2 Nd5 37. Bxd5 Bxd5 38. Rc1 Rxc1+ 39. Bxc1 Bxf3 40. Nf4 Kh7
41. Qb3 Bxf4 42. exf4 Bd5 43. Qc3 Bc4 44. Kf2 Qb7 45. Qf3 Bd5 46. Qe3 Qc7 47.
Qd2 Qc4 48. Ba3 Kg8 49. Ke3 Kf7 50. Qb4 Qxb4 51. Bxb4 Bc4 52. Bc5 g6 53. Bb4 Ke8
54. Bc5 h5 55. Bb4 Kd7 56. h4 Kc6 57. Kd2 Kd5 58. Kc3 Ke4 59. Be7 1/2-1/2

[Event "III  Wielkopolska  Liga  Seniorow   2013/2014"]
[Site "Wielkopolska "]
[Date "1899-12-30"]
[Round "5.31"]
[White "Bajerlein, Dawid"]
[Black "Mocny, Tomasz"]
[Result "0-1"]
[WhiteTitle "k"]
[BlackTitle "I"]
[WhiteElo "2086"]
[BlackElo "1920"]

1. d4 Nf6 2. c4 e5 3. dxe5 Ng4 4. Bf4 Bb4+ 5. Nd2 d6 6. exd6 Qf6 7. e3 Bxd6 8.
Be2 Bxf4 9. Bxg4 Bxe3 10. Ne4 Bxf2+ 11. Nxf2 O-O 12. Bxc8 Rxc8 13. Ne2 Qxb2 14.
O-O Nc6 15. Nd3 Qb6+ 16. c5 Qa6 17. Qb3 Rf8 18. Rf2 Na5 19. Qc3 Rad8 20. Ne5 f6
21. Nf3 Rd3 22. Qc2 Rfd8 23. Nf4 Re3 24. Rd1 Rde8 25. Qd2 c6 26. h4 Qb5 27. Rc1
b6 28. Qc2 Qb4 29. g3 Qa3 30. Kg2 b5 31. Rff1 Nc4 32. Rce1 Qxc5 33. Qf2 Qf5 34.
Nd4 Qe4+ 35. Nf3 g5 36. hxg5 fxg5 37. Nh5 Rf8 38. Kg1 g4 39. Rxe3 Nxe3 40. Qb2
Qg6 41. Qb3+ Nd5 42. Nh2 Rxf1+ 43. Nxf1 Qxh5 44. Ne3 Qg5 45. Nxd5 Qxd5 46. Qe3
Qd1+ 47. Kh2 Qc2+ 48. Kg1 Qb1+ 49. Kh2 Qxa2+ 50. Kg1 Qc4 51. Qxa7 b4 52. Qb8+
Kf7 53. Qc7+ Kg6 54. Qd6+ Kf5 55. Qd7+ Ke5 56. Qg7+ Kd5 57. Qg5+ Kd6 58. Qd8+
Kc5 59. Qe7+ Kd4 60. Qg7+ Kd3 61. Qxh7+ Qe4 62. Qb7 Kc3 63. Kh2 Qe2+ 64. Kg1 Qe3+
65. Kh2 Qe2+ 66. Kg1 Qc4 67. Kh2 b3 68. Qg7+ Kc2 69. Qg6+ Kb2 70. Qf6+ Kb1 71.
Qf1+ Qc1 72. Qa6 Qc2+ 73. Kg1 c5 74. Qf1+ Qc1 75. Kh2 c4 76. Qf8 c3 77. Qb4 Qb2+
78. Kg1 c2 79. Qe4 Ka2 80. Qa8+ Qa3 81. Qg2 Kb1 82. Kh2 c1=Q 83. Qa8 Qa2+ 0-1

[Event "III  Wielkopolska  Liga  Seniorow   2013/2014"]
[Site "Wielkopolska "]
[Date "1899-12-30"]
[Round "5.32"]
[White "Pilzak, Marcin"]
[Black "Hemmerling, Jaroslaw"]
[Result "1-0"]
[WhiteTitle "I"]
[BlackTitle "I+"]
[WhiteElo "1823"]
[BlackElo "1989"]

1. e4 e6 2. d4 d5 3. Nd2 dxe4 4. Nxe4 Nd7 5. Nf3 Ngf6 6. Nxf6+ Nxf6 7. Bg5 Be7
8. Bd3 c5 9. dxc5 Qa5+ 10. c3 Qxc5 11. O-O O-O 12. Qe2 Bd7 13. Ne5 Rfd8 14. Bxf6
Bxf6 15. Bxh7+ Kf8 16. Nxd7+ Rxd7 17. Be4 Rb8 18. Rad1 Rc7 19. Rd3 b5 20. Rfd1
b4 21. cxb4 Rxb4 22. b3 a5 23. Qf3 Qe5 24. Qh3 g6 25. f3 Rc2 26. Qh6+ Bg7 27.
Rd8+ Ke7 28. Qh4+ g5 29. R8d7+ Ke8 30. Qh5 1-0

[Event "III  Wielkopolska  Liga  Seniorow   2013/2014"]
[Site "Wielkopolska "]
[Date "1899-12-30"]
[Round "5.33"]
[White "Bernat, Marcin"]
[Black "Fularz, Maciej"]
[Result "1-0"]
[WhiteTitle "k"]
[BlackTitle "I"]
[WhiteElo "2120"]
[BlackElo "2007"]

1. d4 d5 2. c4 c6 3. Nc3 Nf6 4. e3 e6 5. Nf3 Nbd7 6. Bd3 dxc4 7. Bxc4 b5 8. Bd3
a6 9. a4 b4 10. Ne4 c5 11. O-O Bb7 12. Nxf6+ Nxf6 13. dxc5 Bxc5 14. Qe2 O-O 15.
e4 h6 16. Bf4 Qb6 17. a5 Qa7 18. Rac1 Rfd8 19. Ne5 Rac8 20. Kh1 Bd4 21. Rxc8 Rxc8
22. Nc4 Ne8 23. f3 Rd8 24. h3 Qc5 25. Rc1 Qh5 26. Be3 Qc5 27. Bf4 Qh5 28. Rc2
e5 29. Be3 Qg6 30. Bd2 Bc8 31. Bxb4 Bxh3 32. Ne3 Be6 33. Be7 Rd7 34. Bb4 Qh5+
35. Kg1 Qg5 36. Bd2 Bh3 37. Kh2 Bxe3 38. Bxe3 Qxg2+ 39. Qxg2 Bxg2 40. Be2 Bxf3
41. Bxf3 Rd3 42. Rc3 Rxc3 43. bxc3 Nd6 44. Bb6 Kf8 45. Bc5 Ke7 46. Be2 Kd7 47.
Bxd6 Kxd6 48. Bxa6 g6 49. Bd3 Kc5 50. Kg3 f5 51. exf5 gxf5 52. Bxf5 Kb5 53. Kf3
Kxa5 54. Ke4 Kb5 55. Kd5 h5 56. c4+ Kb6 57. Kd6 1-0

[Event "III  Wielkopolska  Liga  Seniorow   2013/2014"]
[Site "Wielkopolska "]
[Date "1899-12-30"]
[Round "5.34"]
[White "Glapa, Witold"]
[Black "Glatty, Zbigniew"]
[Result "0-1"]
[WhiteTitle "I"]
[BlackTitle "I"]
[WhiteElo "1729"]
[BlackElo "1918"]

1. e4 e5 2. Nf3 Nc6 3. Bb5 a6 4. Ba4 Nf6 5. d4 exd4 6. e5 Ne4 7. O-O Nc5 8. Bxc6
dxc6 9. Qxd4 Qxd4 10. Nxd4 Bd7 11. Be3 O-O-O 12. Nd2 Re8 13. f4 f6 14. N2f3 Ne4
15. Rfe1 c5 16. Nb3 b6 17. Rad1 Bc6 18. Nbd2 Be7 19. Bf2 Nxf2 20. Kxf2 Rhf8 21.
g3 Rd8 22. Re3 c4 23. Ree1 b5 24. c3 Rd3 25. Nd4 Bc5 26. Nf1 Rxd1 27. Rxd1 fxe5
28. Ne3 exd4 29. cxd4 Bb6 30. Kf1 Be4 31. Ng4 Bf3 0-1

[Event "III  Wielkopolska  Liga  Seniorow   2013/2014"]
[Site "Wielkopolska "]
[Date "1899-12-30"]
[Round "5.35"]
[White "Rozumek, Krzysztof"]
[Black "Szymkowiak, Damian"]
[Result "1-0"]
[WhiteTitle "I+"]
[BlackTitle "II"]
[WhiteElo "1970"]
[BlackElo "1619"]

1. h3 c5 2. c3 d5 3. d4 Nc6 4. Nf3 Bf5 5. e3 Nf6 6. Bd3 Ne4 7. Bb5 e6 8. Ne5 Qc7
9. Qa4 Rc8 10. Qxa7 Bd6 11. Bxc6+ bxc6 12. Qxc7 Rxc7 13. g4 Bg6 14. Nxg6 hxg6
15. Nd2 cxd4 16. Nxe4 dxe4 17. exd4 f5 18. g5 c5 19. dxc5 Rxc5 20. Be3 Rb5 21.
Rd1 Ke7 22. b4 f4 23. Bd4 Rxg5 24. Bxg7 Ra8 25. Rd2 e3 26. fxe3 fxe3 27. Rc2 Bg3+
28. Ke2 Bf2 29. h4 Rg2 30. Kf3 Rg3+ 31. Ke2 Rd8 32. Bh6 Rh8 33. Bf4 Rg4 34. Kf3
Rgxh4 35. Bg5+ Kd7 36. Bxh4 Bxh4 37. Rhh2 Rf8+ 38. Kxe3 Bg5+ 39. Kd3 Bf4 40. Rh7+
Kd6 41. c4 Ra8 42. c5+ Kc6 43. Kc4 Ra4 1-0

[Event "III  Wielkopolska  Liga  Seniorow   2013/2014"]
[Site "Wielkopolska "]
[Date "1899-12-30"]
[Round "5.36"]
[White "Glapa, Anna"]
[Black "Kupsik, Joanna"]
[Result "0-1"]
[WhiteTitle "I++"]
[BlackTitle "I"]
[WhiteElo "1678"]
[BlackElo "1648"]

1. e4 e5 2. Nf3 Nc6 3. Bb5 a6 4. Ba4 Nf6 5. d4 b5 6. dxe5 Nxe4 7. Bb3 Nc5 8. Bd5
h6 9. Nd4 Bb7 10. Bxc6 dxc6 11. O-O Qd7 12. Be3 Be7 13. Nd2 O-O 14. f4 Ne6 15.
Nf5 Rfd8 16. Qg4 Kh7 17. Nxe7 Qxe7 18. f5 Ng5 19. Bxg5 Qxg5 20. Qxg5 hxg5 21.
Ne4 g4 22. Nc5 Bc8 23. e6 Rd5 24. exf7 Bxf5 25. Ne6 Bxe6 26. f8=Q Rxf8 27. Rxf8
a5 28. Re8 Bf5 29. Re2 Kg6 30. Re7 Bd7 31. c3 c5 32. Re4 Kf5 33. Re8 c4 34. Re7
c6 35. Kf2 g6 36. Rae1 Rd3 37. R7e3 Rd5 0-1